Introduction to design
Gespeichert in:
| 1. Verfasser: | |
|---|---|
| Format: | Buch |
| Sprache: | English |
| Veröffentlicht: |
Englewood Cliffs, N.J., Prentice-Hall
1962
|
| Schriftenreihe: | Prentice-Hall series of engineering design. Fundamentals of engineering design
|
| Schlagworte: | |
| Tags: |
Tag hinzufügen
Keine Tags, Fügen Sie den ersten Tag hinzu!
|
MARC
| LEADER | 00000nam a2200000Ia 4500 | ||
|---|---|---|---|
| 003 | 000686 | ||
| 005 | 20221231143944.0 | ||
| 008 | 140114s1962 njua 000 ||eng d | ||
| 040 | |c cru CEDI | ||
| 082 | |a 604.2 A832i | ||
| 100 | |a Asimow, Morris, 1906- |9 20763 | ||
| 245 | |a Introduction to design | ||
| 260 | |a Englewood Cliffs, N.J., Prentice-Hall |c 1962 | ||
| 300 | |a 135 páginas : ilustraciones. 23 cm. | ||
| 440 | |a Prentice-Hall series of engineering design. Fundamentals of engineering design |9 20764 | ||
| 650 | |x DIBUJO TECNICO |x INGENIERÍA - GRÁFICOS |9 20765 | ||
| 942 | |2 ddc |c BK | ||
| 999 | |c 14758 |d 14758 | ||
